<?xml version="1.0" encoding="UTF-8"?>
<record
    xmlns:xsi="http://www.w3.org/2001/XMLSchema-instance"
    xsi:schemaLocation="http://www.loc.gov/MARC21/slim http://www.loc.gov/standards/marcxml/schema/MARC21slim.xsd"
    xmlns="http://www.loc.gov/MARC21/slim">

  <leader>01781njm a2200349Ia 4500</leader>
  <controlfield tag="001">40044</controlfield>
  <controlfield tag="003">IT-RoPAU</controlfield>
  <controlfield tag="005">20220918181118.0</controlfield>
  <controlfield tag="008">131025s9999    xx            000 0 und d</controlfield>
  <datafield tag="040" ind1=" " ind2=" ">
    <subfield code="a">IT-RoPAU</subfield>
  </datafield>
  <datafield tag="040" ind1=" " ind2=" ">
    <subfield code="c">IT-RoPAU</subfield>
  </datafield>
  <datafield tag="999" ind1=" " ind2=" ">
    <subfield code="c">99595</subfield>
    <subfield code="d">99595</subfield>
  </datafield>
  <datafield tag="999" ind1=" " ind2=" ">
    <subfield code="b">n.d.</subfield>
  </datafield>
  <datafield tag="100" ind1=" " ind2=" ">
    <subfield code="a">AA.VV.</subfield>
    <subfield code="9">794</subfield>
  </datafield>
  <datafield tag="100" ind1=" " ind2=" ">
    <subfield code="e">Autore musica</subfield>
    <subfield code="9">20586</subfield>
  </datafield>
  <datafield tag="100" ind1=" " ind2=" ">
    <subfield code="g">Codice autore musica SPICS: 12000</subfield>
    <subfield code="9">796</subfield>
  </datafield>
  <datafield tag="245" ind1=" " ind2=" ">
    <subfield code="a">Melodies d'Espagne: airs et dances celebres de Granados, Albeniz, Falla, Moszkowski, Waldteufel</subfield>
  </datafield>
  <datafield tag="250" ind1=" " ind2=" ">
    <subfield code="a">1a ed.</subfield>
  </datafield>
  <datafield tag="260" ind1=" " ind2=" ">
    <subfield code="a">FRANCE</subfield>
  </datafield>
  <datafield tag="260" ind1=" " ind2=" ">
    <subfield code="b">GUILDE INTERNATIONALE DU DISQUE</subfield>
  </datafield>
  <datafield tag="300" ind1=" " ind2=" ">
    <subfield code="a">DISCO</subfield>
  </datafield>
  <datafield tag="500" ind1=" " ind2=" ">
    <subfield code="a">Musica spagnola melodica</subfield>
  </datafield>
  <datafield tag="505" ind1=" " ind2=" ">
    <subfield code="a">Danse espagnole n 5 - Espana - Estudiantina - Toreador et Andalouse - Danses espagnoles en re majeur - Danse espagnole en si bemol - Danse espagnole en la majeur - Danse rituelle du feu - Aragonaise - Tango</subfield>
  </datafield>
  <datafield tag="650" ind1=" " ind2=" ">
    <subfield code="a">MELODICO [DISCHI]</subfield>
    <subfield code="e">Codice MATERIA SPICS: 9950</subfield>
    <subfield code="9">20587</subfield>
  </datafield>
  <datafield tag="700" ind1=" " ind2=" ">
    <subfield code="a">Granados Y Campina Enrique</subfield>
    <subfield code="d">Codice autore musica SPICS: 13819</subfield>
    <subfield code="e">Autore musica</subfield>
    <subfield code="p">Danse espagnole n 5</subfield>
    <subfield code="9">20588</subfield>
  </datafield>
  <datafield tag="700" ind1=" " ind2=" ">
    <subfield code="a">Waldtenfel</subfield>
    <subfield code="d">Codice autore musica SPICS: 14045</subfield>
    <subfield code="e">Autore musica</subfield>
    <subfield code="p">Espana - Estudiantina</subfield>
    <subfield code="9">20589</subfield>
  </datafield>
  <datafield tag="700" ind1=" " ind2=" ">
    <subfield code="a">Rubinstein Anton</subfield>
    <subfield code="d">Codice autore musica SPICS: 13785</subfield>
    <subfield code="e">Autore musica</subfield>
    <subfield code="p">Toreador et Andalouse</subfield>
    <subfield code="9">20590</subfield>
  </datafield>
  <datafield tag="700" ind1=" " ind2=" ">
    <subfield code="a">Moszkowski Moritz</subfield>
    <subfield code="d">Codice autore musica SPICS: 18001</subfield>
    <subfield code="e">Autore musica</subfield>
    <subfield code="p">Danses espagnoles en re majeur - Danse espagnole en si bemol - Danse espagnole en la majeur</subfield>
    <subfield code="9">20591</subfield>
  </datafield>
  <datafield tag="700" ind1=" " ind2=" ">
    <subfield code="a">De Falla Manuel</subfield>
    <subfield code="d">Codice autore musica SPICS: 7470</subfield>
    <subfield code="e">Autore musica</subfield>
    <subfield code="p">Danse rituelle du feu</subfield>
    <subfield code="9">20592</subfield>
  </datafield>
  <datafield tag="700" ind1=" " ind2=" ">
    <subfield code="a">Massenet Jules</subfield>
    <subfield code="d">Codice autore musica SPICS: 4044</subfield>
    <subfield code="e">Autore musica</subfield>
    <subfield code="p">Aragonaise</subfield>
    <subfield code="9">20593</subfield>
  </datafield>
  <datafield tag="700" ind1=" " ind2=" ">
    <subfield code="a">Albeniz Isaac</subfield>
    <subfield code="d">Codice autore musica SPICS: 10716</subfield>
    <subfield code="e">Autore musica</subfield>
    <subfield code="p">Tango</subfield>
    <subfield code="9">20594</subfield>
  </datafield>
  <datafield tag="942" ind1=" " ind2=" ">
    <subfield code="c">MD</subfield>
    <subfield code="2">ddc</subfield>
  </datafield>
  <datafield tag="952" ind1=" " ind2=" ">
    <subfield code="0">0</subfield>
    <subfield code="1">0</subfield>
    <subfield code="4">0</subfield>
    <subfield code="6">40044_000000000000000</subfield>
    <subfield code="7">1</subfield>
    <subfield code="a">SPICS</subfield>
    <subfield code="b">SPICS</subfield>
    <subfield code="d">2013-10-25</subfield>
    <subfield code="l">0</subfield>
    <subfield code="o">40044</subfield>
    <subfield code="r">2013-10-25 00:00:00</subfield>
    <subfield code="w">2013-10-25</subfield>
    <subfield code="y">MD</subfield>
    <subfield code="z">Progr. Ins.: 13860 / N.Vol.: 1 / Copie: 1 - Copia rara: n.d. / date import: 01.01.2014 - By Epidotti, Trombetti, Vaglietti</subfield>
  </datafield>
</record>
